The World Almanac biographical dictionary

محفوظ في:
التفاصيل البيبلوغرافية
التنسيق: كتاب
اللغة:Undetermined
منشور في: New York, NY The World Almanac 1990
الموضوعات:
الوسوم: إضافة وسم
لا توجد وسوم, كن أول من يضع وسما على هذه التسجيلة!
Thư viện lưu trữ: Trung tâm Học liệu Trường Đại học Cần Thơ
LEADER 00505nam a2200181Ia 4500
001 CTU_26787
008 210402s9999 xx 000 0 und d
082 |a 920.02 
082 |b W375 
245 4 |a The World Almanac biographical dictionary 
245 0 |c Edited by the editors of The World Almanac 
260 |a New York, NY 
260 |b The World Almanac 
260 |c 1990 
650 |a Biography 
650 |x Dictionaries 
904 |i Minh 
980 |a Trung tâm Học liệu Trường Đại học Cần Thơ